[Event "World School-ch U13"]
[Site "Sochi"]
[Date "2016.12.09"]
[Round "7"]
[White "Grover, Rudraksh"]
[Black "Prischenko, Andrey"]
[Result "1/2-1/2"]
[WhiteElo "1004"]
[BlackElo "1348"]
[PlyCount "80"]
[EventDate "2016.12.03"]
[EventType "swiss"]
[EventRounds "9"]
[EventCountry "RUS"]
[SourceTitle "EXT 2018"]
[Source "ChessBase"]
[SourceDate "2017.10.13"]
[SourceVersion "1"]
[SourceVersionDate "2017.10.13"]
[SourceQuality "1"]

1. e4 e5 2. Nf3 Nf6 3. Nc3 Nc6 4. Bc4 Bc5 5. d3 0-0 6. Bg5 Be7 7. 0-0 d6 8. h3 Na5 9. Bb3 c6 10. a3 Nxb3 11. cxb3 Be6 12. Re1 Nd7 13. Bxe7 Qxe7 14. b4 f6 15. Nh2 d5 16. exd5 cxd5 17. Qf3 Nb6 18. Ng4 Bxg4 19. Qxg4 d4 20. Ne2 Nd5 21. Nxd4 Nf4 22. Nf5 Qf7 23. Nh6+ Kh8 24. Nxf7+ Rxf7 25. Re4 f5 26. Qh4 fxe4 27. dxe4 Raf8 28. Qg5 Nd3 29. Rd1 h6 30. Qe3 Nxb2 31. Rc1 b6 32. Qc3 Rxf2 33. Qxe5 Nd3 34. Qc7 Nxc1 35. Qxc1 R2f4 36. Qe3 Rf1+ 37. Kh2 R1f7 38. e5 Re8 39. e6 Rfe7 40. g4 Rxe6 1/2-1/2

[Event "World School-ch U13"]
[Site "Sochi"]
[Date "2016.12.06"]
[Round "4"]
[White "Grover, Rudraksh"]
[Black "Zontov, Dmitry"]
[Result "0-1"]
[WhiteElo "1004"]
[BlackElo "1298"]
[PlyCount "35"]
[EventDate "2016.12.03"]
[EventType "swiss"]
[EventRounds "9"]
[EventCountry "RUS"]
[SourceTitle "EXT 2018"]
[Source "ChessBase"]
[SourceDate "2017.10.13"]
[SourceVersion "1"]
[SourceVersionDate "2017.10.13"]
[SourceQuality "1"]

1. e4 e5 2. Nf3 Nc6 3. Nc3 Bc5 4. Bc4 Nf6 5. d3 h6 6. Be3 Bxe3 7. fxe3 d6 8. h3 0-0 9. 0-0 Na5 10. Bb3 Nxb3 11. axb3 Re8 12. Nh2 d5 13. exd5 Nxd5 14. Nxd5 Qxd5 15. e4 Qd4+ 16. Rf2 Be6 17. Qd2 Rad8 18. Nf3 0-1

[Event "World School-ch U13"]
[Site "Sochi"]
[Date "2016.12.05"]
[Round "3"]
[White "Ismagilov, Damir"]
[Black "Grover, Rudraksh"]
[Result "1-0"]
[WhiteElo "2058"]
[BlackElo "1004"]
[PlyCount "31"]
[EventDate "2016.12.03"]
[EventType "swiss"]
[EventRounds "9"]
[EventCountry "RUS"]
[SourceTitle "EXT 2018"]
[Source "ChessBase"]
[SourceDate "2017.10.13"]
[SourceVersion "1"]
[SourceVersionDate "2017.10.13"]
[SourceQuality "1"]

1. e4 e5 2. Nf3 Nc6 3. Bb5 Nf6 4. 0-0 Bc5 5. d3 h6 6. Bxc6 dxc6 7. Nxe5 0-0 8. h3 Be6 9. Nc3 Bd4 10. Nf3 Nh7 11. Nxd4 Qxd4 12. Be3 Qf6 13. f4 Qd8 14. f5 Bd7 15. Qf3 Nf6 16. Qg3 1-0

[Event "World School-ch U13"]
[Site "Sochi"]
[Date "2016.12.03"]
[Round "1"]
[White "Radochin, Oleg"]
[Black "Grover, Rudraksh"]
[Result "1-0"]
[WhiteElo "1832"]
[BlackElo "1004"]
[PlyCount "29"]
[EventDate "2016.12.03"]
[EventType "swiss"]
[EventRounds "9"]
[EventCountry "RUS"]
[SourceTitle "EXT 2018"]
[Source "ChessBase"]
[SourceDate "2017.10.13"]
[SourceVersion "1"]
[SourceVersionDate "2017.10.13"]
[SourceQuality "1"]

1. e4 e5 2. Nf3 Nc6 3. Nc3 Nf6 4. d4 Bd6 5. Bb5 Qe7 6. 0-0 0-0 7. Bg5 b6 8. Nd5 Qd8 9. Nxf6+ gxf6 10. Bh6 Re8 11. Nxe5 Kh8 12. Nxf7+ Kg8 13. Qg4+ Kxf7 14. Qg7+ Ke6 15. Bc4# 1-0